00577cam a22002177a 4500003000500000005001700005008004100022010001000063011001000073035001000083040000900093082001500102100001800117245004700135260005400182300002000236490003100256650002600287650001500313830003100328CHAP20220329133914.0971013s1969 r 00010 d a12519 a13491 a17563 cCHAP a539.12bC300aCarter, R. S. 0aMolecular dynamics and structure of solids aWashington :bNational Bureau of Standards,c1969 a571 p.b: ilus. 0aSpecial publicationv; 30114aDinámica molecular.14aSólidos.0 aSpecial publicationv; 301